IEE 16th ed. wiring regulations: explained & illustrated (2nd ed.) (Record no. 46135)

MARC details
000 -LEADER
fixed length control field 00565nam a2200157 a 4500
008 - FIXED-LENGTH DATA ELEMENTS--GENERAL INFORMATION
fixed length control field 120416s1991 ||||||||||||||||| || u
020 ## - INTERNATIONAL STANDARD BOOK NUMBER
International Standard Book Number 0750603143
050 ## - LIBRARY OF CONGRESS CALL NUMBER
Classification number TK 4255 Sca
100 ## - MAIN ENTRY--PERSONAL NAME
Personal name Scaddan, Brian
245 10 - TITLE STATEMENT
Title IEE 16th ed. wiring regulations: explained & illustrated (2nd ed.)
250 ## - EDITION STATEMENT
Edition statement 2th ed.
260 ## - PUBLICATION, DISTRIBUTION, ETC.
Place of publication, distribution, etc. Oxford
Name of publisher, distributor, etc. Newnes
Date of publication, distribution, etc. 1991
300 ## - PHYSICAL DESCRIPTION
Extent x, 99p. : ill
350 ## - PRICE (NR) (BK AM CF MU VM SE) [OBSOLETE]
Price 0.00
995 ## - RECOMMENDATION 995 [LOCAL, UNIMARC FRANCE]
-- 0.00
-- CBU-MAIN LIBRARY (Kitwe)
-- 1
-- 17.00
-- 1
-- AVAILABLE
-- Jul 10, 2006
-- Main Library Open Access Collection
Holdings
Withdrawn status Lost status Source of classification or shelving scheme Damaged status Not for loan Home library Current library Shelving location Date acquired Total Checkouts Full call number Barcode Date last seen Price effective from Koha item type
          CBU-MAIN LIBRARY, KITWE. CBU-MAIN LIBRARY, KITWE.   11/30/2022   TK 4255 Sca 48624 11/30/2022 11/30/2022 MONOGRAPH